Statistics for New Zealand All Blacks Rugby - 15 or more tries in tests

Click here to take the quiz!

General Stats

  • This quiz has been taken 410 times
    (89 since last reset)
  • The average score is 24 of 34

Answer Stats

Number of TriesPlayer% Correct
27Richie McCaw
97%
39Ben Smith
95%
46Christian Cullen
95%
46Julian Savea
95%
21Aaron Smith
93%
26Conrad Smith
93%
49Douglas Howlett
93%
44Jeff Wilson
93%
15Ardie Savea
92%
39Beauden Barrett
92%
19Stuart Wilson
90%
17Jordie Barrett
88%
37Jonah Lomu
85%
26Kieran Read
85%
31Ma'a Nonu
85%
29Daniel Carter
81%
46Josevata Rokocoko
81%
26Israel Dagg
78%
35John Kirwan
75%
18Cory Jane
59%
20Dane Coles
58%
34Mils Muliaina
58%
29Sitiveni Sivivatu
58%
24Justin Marshall
56%
15Sam Cane
56%
36Tana Umaga
56%
20Frank Bunce
53%
17Will Jordan
53%
31Rieko Ioane
49%
17Zinzan Brooke
46%
16Waisake Naholo
42%
16Ian Kirkpatrick
41%
18Terry Wright
39%
15Damian McKenzie
27%

Score Distribution

Percentile by Number Answered

Percent of People with Each Score

Your Score History

You have not taken this quiz since the last reset